000 00580cam a22002053a 4500
001 38551
003 PGUSA
005 20140828083841.0
008 120111s2012||||xxu|||||s|||||000 | eng d
040 _aPGUSA
_beng
042 _adc
100 1 _aGilman, Charlotte Perkins,
_d1860-1935
245 1 4 _aThe Crux
_h[electronic resource] /
_cCharlotte Perkins Gilman
260 _bProject Gutenberg,
_c2012
506 _aPublic domain in the USA.
516 _aElectronic text
830 0 _aProject Gutenberg
_v38551
856 4 0 _uhttp://www.gutenberg.org/ebooks/38551
942 _cEB
999 _c267805
_d267805